États-Unis : Les 47 présidents - Statistiques

Statistiques générales
  • Ce quiz a été pris 37 fois
    26 depuis la dernière actualisation
  • Le résultat moyen est 23 sur 47
Statistiques - réponses
Hint Réponse % Correct
Joe Biden Démocrate
100%
Barack Obama Démocrate
100%
Donald Trump Républicain
95%
Donald Trump Républicain
95%
George W. Bush (2000-2008) Républicain
84%
Bill Clinton Démocrate
74%
John Fitzgerald Kennedy Démocrate
74%
George Bush (1988-1992) Républicain
74%
Ronald Reagan Républicain
74%
Dwight D. Eisenhower Républicain
74%
Jimmy Carter Démocrate
68%
Lyndon B. Johnson Démocrate
68%
Richard Nixon Républicain
68%
Theodore Roosevelt Républicain
68%
Franklin Delano Roosevelt Démocrate
63%
Herbert Hoover Républicain
63%
Ulysses S. Grant Républicain
58%
Abraham Lincoln Républicain
58%
Harry S. Truman Démocrate
53%
Gerald Ford Républicain
53%
Calvin Coolidge Républicain
53%
William H. Taft Républicain
53%
Benjamin Harrison Républicain
53%
James A. Garfield Républicain
53%
Woodrow Wilson Démocrate
47%
Grover Cleveland Démocrate
47%
William McKinley Républicain
47%
Chester A. Arthur Républicain
47%
Rutherford B. Hayes Républicain
47%
Grover Cleveland Démocrate
37%
Andrew Johnson Démocrate
37%
James Buchanan Démocrate
37%
Franklin Pierce Démocrate
37%
Warren G. Harding Républicain
37%
James K. Polk Démocrate
26%
Thomas Jefferson Républicain-démocrate
26%
Martin Van Buren Démocrate
21%
Andrew Jackson Démocrate
21%
John Quincy Adams Républicain-démocrate, National-républicain
21%
James Madison Républicain-démocrate
16%
George Washington Indépendant
11%
James Monroe Républicain-démocrate
11%
Millard Fillmore Whig
11%
Zachary Taylor Whig
11%
William Henry Harrison Whig
11%
John Adams Fédéraliste
5%
John Tyler Indépendant
5%
Aucun quiz correspondant
Distribution des résultats
% des personnes avec chaque résultat
Percentile par nombre de réponses
Votre historique - résultats
Vous n’avez pas pris ce quiz depuis la dernière actualisation